000 00334nam a2200145Ia 4500
100 _aBlakeslee/ Thomas R
942 _cBK
654 _aMSI&LSI
245 _aDigital design with standard MSI&LSI
260 _bJohn wiley and sons
_aNew York
_c1979
082 _a621.3819584
_bBL
300 _a384
546 _aENGLISH
999 _c24459
_d24459